LEADER 01211nas 2200409 c 450 001 9910895899003321 005 20260218112136.0 035 $a(CKB)110978977736403 035 $a(OCoLC)705370127 035 $a(DE-101)991618033 035 $a(DE-599)ZDB2469251-7 035 $a(DE-599)2469251-7 035 $a(EXLCZ)99110978977736403 100 $a20081205b18611931 |y | 101 0 $ager 135 $aur||||||||||| 181 $ctxt$2rdacontent 182 $cc$2rdamedia 183 $acr$2rdacarrier 200 10$aAbhandlung der Naturhistorischen Gesellschaft zu Nürnberg 210 31$aNu?rnberg$cNaturhistorische Ges.$d1861-1931 210 21$aNu?rnberg$cSchmid$danfangs 215 $aOnline-Ressource 311 08$a0077-6149 517 $aAbhandlungen der Naturhistorischen Gesellschaft Nürnberg e. V 531 $aABH NATHIST GES NUERNBERG 531 00$aABH NAT GES NUERNBERG 608 $aMonografische Reihe$2gnd-content 676 $a500 686 $a11$2ssgn 801 0$b0355 801 1$bDE-101 801 2$b9999 906 $aJOURNAL 912 $a9910895899003321 996 $aAbhandlung der Naturhistorischen Gesellschaft zu Nu?rnberg$94255726 997 $aUNINA